Naši si netykali so streľbou kvalifikácia B-kategórie ME basketbalistov: Bielorusko - Slovensko 82:59 (21:13, 43:29, 56:39)

Bibliographic Details
Format: Article
Language:Slovak
Subjects:

MARC

LEADER 00000nab a2200000 ar4500
001 vtls008849112
003 SK-MaSNL
005 20260303062617.0
008 060926c20061409xo wr|p|||||||000 b|slo
015 |a SNBRBL2006/09  |2 snkbucl 
038 |a SNKBUCL 
040 |a SNKBUCL  |b slo  |c SNKBUCL  |e AACR2 
041 0 |a slo 
044 |a xo  |c SK 
080 |a 796.323.2.093.1  |2 UDC-MRF-SK2 
245 0 0 |a Naši si netykali so streľbou  |b kvalifikácia B-kategórie ME basketbalistov: Bielorusko - Slovensko 82:59 (21:13, 43:29, 56:39) 
300 |b Fotogr., tab. 
648 7 |a 2006  |2 snkbucl  |9 313148 
650 0 7 |a basketbal  |2 snkbucl  |9 3290 
650 0 7 |a muži  |2 snkbucl  |9 4888 
650 0 7 |a kvalifikácia ME  |2 snkbucl  |9 1032003 
773 0 |t Šport  |g Roč. 60, č. 212 (14.9.2006), s. 38  |x 0139-7001 
852 |a SNK  |b KIS3GCP 
999 |c 1739921  |d 1741851